000 01250nam a22003612i 4500
001 19714
003 BD-RjUL
005 20211209000452.0
008 114022s1885 enk fo| 001 0 eng|d
020 _a9780191762246 (ebook) :
035 _a(BD-RjUL)19775
040 _aStDuBDS
_cStDuBDS
_erda
_beng
_dBD-RjUL
041 _aeng
082 0 4 _a821.3
_223
_bSPE
100 1 _aSpenser, Edmund,
_d1552?-1599,
_960568
245 1 0 _aSpenser's minor poems /
_cErnest De Selincourt (ed.).
_nVolume I
260 _aLondon :
_bCharendon Press,
_c1885.
300 _a1 online resource.
490 1 _aThe poetical works of Edmund Spenser ;
_vvol. 1
504 _aIncludes bibliographical references and index.
550 _aIssued as part of Oxford Scholarly editions Online.
650 _aPoems
_960569
830 0 _vvol. 1.
_960576
700 1 _aDe Selincourt, Ernest,
_d1870-1943,
_eeditor of compilation.
_960571
710 2 _aOxford University Press.
_99161
776 0 8 _iPrint version
_z9780198118237
830 0 _aOxford Scholarly editions Online.
_960577
830 0 _aPoetical works of Edmund Spenser ;
_960578
856 4 0 _uhttp://dx.doi.org/10.1093/actrade/9780198118237.book.1
942 _2ddc
_cBK
999 _c19714
_d19714